Grünewald (Record no. 128290)

MARC details
000 -LEADER
campo de control de longitud fija 00627nam a2200217 i 4500
001 - NÚMERO DE CONTROL
campo de control 128290
003 - IDENTIFICADOR DE NÚMERO DE CONTROL
campo de control ES-MaACL
005 - FECHA Y HORA DE LA ÚLTIMA TRANSACCIÓN
campo de control 20230906193226.0
007 - CAMPO FIJO DE DESCRIPCIÓN FÍSICA--INFORMACIÓN GENERAL
campo de control de longitud fija t|
008 - DATOS DE LONGITUD FIJA--INFORMACIÓN GENERAL
campo de control de longitud fija 070628s1944 ag a |||| |bspa d
080 ## - NÚMERO DE LA CLASIFICACIÓN DECIMAL UNIVERSAL
Número de la Clasificación Decimal Universal 7Grünewald
100 1# - ENTRADA PRINCIPAL--NOMBRE DE PERSONA
Nombre de persona Zocchi, Juan.
9 (RLIN) 118320
245 10 - MENCIÓN DEL TÍTULO
Título Grünewald
Resto del título : vida y arte, paralelos espirituales /
Mención de responsabilidad, etc. Juan Zocchi.
260 ## - PUBLICACIÓN, DISTRIBUCIÓN, ETC.
Lugar de publicación, distribución, etc. Buenos Aires :
Nombre del editor, distribuidor, etc. Poseidón,
Fecha de publicación, distribución, etc. [1944] (
Fabricante López)
300 ## - DESCRIPCIÓN FÍSICA
Extensión 230 p. :
Otras características físicas il. ;
Dimensiones 24 cm.
490 1# - MENCIÓN DE SERIE
Mención de serie Vidas y obras
600 14 - PUNTO DE ACCESO ADICIONAL DE MATERIA--NOMBRE DE PERSONA
Nombre de persona Grünewald, Matthias.
9 (RLIN) 60250
830 0# - PUNTO DE ACCESO ADICIONAL DE SERIE-TÍTULO UNIFORME
Título uniforme Vidas y obras
9 (RLIN) 183424
852 ## - LOCALIZACIÓN
Ubicación ES-MaACL
Número de control de estantería D-7551
Holdings
Estatus retirado Estado de pérdida Estado de daño No para préstamo Biblioteca de origen Biblioteca actual Ubicación en estantería Fecha de adquisición Fuente de adquisición Total de préstamos Signatura topográfica completa Código de barras Visto por última vez Precio de reemplazo Tipo de ítem Koha
        Biblioteca del Ateneo de Madrid Biblioteca del Ateneo de Madrid Sala Valle Inclán 17/01/2008     D-7551 901133616 23/02/2023 23/02/2023 Libro impreso